Çocuğunuz hakkında bilmeniz gerekenler/ (Record no. 60963)
| 000 -BAŞLIK | |
|---|---|
| Sabit Uzunluktaki Kontrol Alanı | 02209nam a22004097a 4500 |
| 001 - KONTROL NUMARASI | |
| Control Dosyası | 0061164 |
| 003 - KONTROL NUMARASI KİMLİĞİ | |
| Kontrol Alanı | KOHA_MİRAKIL |
| 005 - EN SON İŞLEM TARİHİ ve ZAMANI | |
| Kontrol Alanı | 20260207004328.0 |
| 007 - FİZİKSEL TANIM SABİT ALAN - GENEL BİLGİ | |
| Sabit uzunluklu kontrol alanı | ta |
| 008 - SABİT UZUNLUKTAKİ VERİ ÖGELERİ - GENEL BİLGİ | |
| Sabit Alan | 170912b2015 tu |||gr||||#||||0|tur | |
| 020 ## - ISBN - ULUSLARARASI STANDART KİTAP NUMARASI | |
| Isbn | 9789752564626 |
| 040 ## - KATALOGLAMA KAYNAĞI | |
| Özgün Kataloglama Kurumu | TR-BiSEU |
| Kataloglama Dili | tur |
| Çeviri Kurumu | TR-BiSEU |
| Açıklama Kuralları | rda |
| 041 0# - DİL KODU | |
| Metin ya da ses kaydının dil kodu | tur |
| 044 ## - YAYINLAYAN/ÜRETEN KURULUŞUN ÜLKE KODU | |
| ISO country code | tu |
| 050 ## - SINIFLAMA ve YER NUMARASI | |
| Sınıflama Numarası | BF721 |
| Yer Numarası | .M66 2015 |
| 100 1# - KİŞİ ADI | |
| Yazar Adı (Kişi adı) | Montessori, Maria. |
| 245 1# - ESER ADI BİLDİRİMİ | |
| Başlık | Çocuğunuz hakkında bilmeniz gerekenler/ |
| Sorumluluk Bildirimi | Maria Montessori ; Maria Montessori ; İngilizceden çeviren, Zekiye Baykul. |
| 250 ## - BASIM BİLDİRİMİ | |
| Basım Bildirimi | 1. basım. |
| 264 #1 - ÜRERİM, YAYIN, DAĞITIM ve TELİF BİLDİRİMİ | |
| Yayın yeri | İstanbul : |
| Yayınlayan | Kaknüs Yayınları |
| Yayın tarihi | 2015 |
| 300 ## - FİZİKSEL TANIMLAMA | |
| Sayfa, Cilt vb. | 142 sayfa ; |
| Boyutları | 21 cm |
| 336 ## - İÇERİK TÜRÜ | |
| Content type term | metin |
| Content type code | txt |
| Source | rdacontent |
| 337 ## - MEDYA TÜRÜ | |
| Media type term | aracısız |
| Media type code | n |
| Source | rdamedia |
| 338 ## - TAŞIYICI TÜRÜ | |
| Carrier type term | cilt |
| Carrier type code | nc |
| Source | rdacarrier |
| 490 1# - DİZİ BİLDİRİMİ | |
| Dizi Bildirimi | Kaknüs yayınları ; |
| Cilt Numarası | 669. |
| 490 1# - DİZİ BİLDİRİMİ | |
| Dizi Bildirimi | Eğitim kitaplığı ; |
| Cilt Numarası | 8. |
| 490 1# - DİZİ BİLDİRİMİ | |
| Dizi Bildirimi | [Maria Montessori Kitaplığı ; |
| Cilt Numarası | 3.] |
| 500 ## - GENEL NOT | |
| Genel Not | Kaynakça var. |
| 500 ## - GENEL NOT | |
| Genel Not | Özgün adı : What you should know about your child. |
| 500 ## - GENEL NOT | |
| Genel Not | Dış kapakta : Bu kitabın çevirisi AMI (Uluslararası Montessori Derneği) denetiminde hazırlanmıştır. |
| 505 ## - İÇİNDEKİLER NOTU | |
| İçindekiler Notu | İÇİNDEKİLER |
| 650 #0 - KONU BAŞLIĞI EK GİRİŞ - KONU TERİMİ | |
| Konusal terim veya coğrafi ad | Eğitim psikolojisi. |
| 9 (RLIN) | 15486 |
| 650 #0 - KONU BAŞLIĞI EK GİRİŞ - KONU TERİMİ | |
| Konusal terim veya coğrafi ad | Çocuk psikolojisi. |
| 9 (RLIN) | 15487 |
| 830 1# - SERİ EK GİRİŞİ - TEKBİÇİM ESER ADI | |
| Tekbiçim Başlık | Kaknüs yayınları ; |
| Volume number/sequential designation | 669. |
| 9 (RLIN) | 13123 |
| 830 1# - SERİ EK GİRİŞİ - TEKBİÇİM ESER ADI | |
| Tekbiçim Başlık | Eğitim kitaplığı ; |
| Volume number/sequential designation | 8. |
| 9 (RLIN) | 113307 |
| 830 1# - SERİ EK GİRİŞİ - TEKBİÇİM ESER ADI | |
| Tekbiçim Başlık | [Maria Montessori Kitaplığı ; |
| Volume number/sequential designation | 3.] |
| 9 (RLIN) | 113308 |
| 942 ## - EK GİRİŞ ÖGELERİ (KOHA) | |
| Source of classification or shelving scheme | Library of Congress Classification |
| Koha item type | Book |
| 505 ## - İÇİNDEKİLER NOTU | |
| -- | Yazarın Önsözü 7 Önsöz 9 Dr. Montessori Hakkında 11 1 Eğitime Bilimsel Yaklaşım 15 2 Kendi Başına Yapabilmesi İçin Çocuklara Yardım Etmek 19 3 Etkinlik ve Bağımsızlık 25 4 Gelişimin Doğal Yasaları 29 5 Gelişimin Evreleri 35 6 Yaşamın İlk Üç Yılı 39 7 Çocuk Gelişimine Dair Birkaç Gerçek Daha 43 8 Dil 49 9 Çocuk ve Yetişkin 57 10 Hapisten ve Çölden Kurtuluş 63 11 Medeniyet Yürüyüşüne Yön Vermek 71 12 Başarmanın Mutluluğu 79 13 Zihinsel Sağlık ve Büyümenin Anahtarı 85 14 Fotoğraf Makinesi ve Kristaller 93 15 Gözlem ve Keşif 101 16 Pedagoji 107 17 Yazı Dili ve İnsanın Gelişimi 115 18 Tek Plan, Birçok Rota 121 19 Çocuğun Şehit Olması 125 20 Çalışma ve Disiplin 131 21 Montessori Çocuklar Evi 137 |
| Materyal Türü | Kalıcı Konum | Mevcut Konum | Raf Yeri | Sınıflandırma Kaynağı | Edinim Bilgisi | Ana Konular | Alt Konular | Yer Numarası | Demirbaş Numarası | Fatura Tarihi | Geri Çekilme Durumu | Kayıp Durumu | Hasarlı Durumu | Kredi için değil | Kayıt Tarih | Toplam Ödünçverme | Son Görülme Tarihi | Son Kontrol Tarihi |
|---|---|---|---|---|---|---|---|---|---|---|---|---|---|---|---|---|---|---|
| Book | Prof. Dr. Azmi Özcan Kütüphanesi | Prof. Dr. Azmi Özcan Kütüphanesi | Uluğbey Salonu | Library of Congress Classification | Satın | FELSEFE, PSİKOLOJİ, DİN | Psikoloji | BF721 .M66 2015 | 0061164 | 02/02/2026 | 12/09/2017 | 3 | 05/12/2024 | 05/12/2024 |
